KOHA-Header-6

Advertising Principles and Practice (Record no. 7388)

000 -LEADER
fixed length control field 00261nam a2200109Ia 4500
020 ## - INTERNATIONAL STANDARD BOOK NUMBER
ISBN 9780130872180
100 ## - MAIN ENTRY--AUTHOR NAME
Personal name Wells Burnett Moriarty
245 #0 - TITLE STATEMENT
Title Advertising Principles and Practice
260 ## - PUBLICATION, DISTRIBUTION, ETC. (IMPRINT)
Place of publication News Delhi
Name of publisher McGraw-Hill
Year of publication 2002
300 ## - PHYSICAL DESCRIPTION
Number of Pages 562
942 ## - ADDED ENTRY ELEMENTS (KOHA)
Koha item type Books
Holdings
Withdrawn status Lost status Collection code Permanent Location Current Location Shelving location Date acquired Full call number Accession Number Koha item type
    Marketing MAJU MAJU   2019-09-12 891.43 1245 Marketing

Powered by Koha